[Event "21st Panam-ch"]
[Site "Mar del Plata ARG"]
[Date "2012.10.21"]
[Round "11.92"]
[White "Morales, Guillermo"]
[Black "Nicosia, Mariano"]
[Result "1-0"]
[WhiteElo "1779"]
[BlackElo "1562"]
[EventDate "2012.10.12"]
[PlyCount "77"]

1.d4 d5 2.Nf3 Nf6 3.e3 Bg4 4.c4 c6 5.Nc3 e6 6.Be2 Bxf3 7.Bxf3 Be7 8.Qb3 b6
9.O-O O-O 10.Bd2 a5 11.Na4 Nbd7 12.cxd5 cxd5 13.Rac1 e5 14.Bxd5 Nxd5 15.
Qxd5 exd4 16.exd4 Rb8 17.Bf4 Nf6 18.Qxd8 Rbxd8 19.Nxb6 Rxd4 20.Be3 Rd3 21.
Rfd1 Rdd8 22.h3 Ne4 23.Nd5 Bd6 24.Rc4 f5 25.Rdc1 f4 26.Bb6 Rde8 27.Bxa5 f3
28.Re1 Nf6 29.Nxf6+ gxf6 30.Rxe8 Rxe8 31.gxf3 Re2 32.Bc3 Kf7 33.a4 Rc2 34.
Rd4 Bc5 35.Rd2 Rc1+ 36.Kg2 Ra1 37.a5 Ra2 38.b4 Rxd2 39.Bxd2 1-0

[Event "21st Panam-ch"]
[Site "Mar del Plata ARG"]
[Date "2012.10.21"]
[Round "11.93"]
[White "Maggiori, Luciano"]
[Black "Perez Velazco, Daniela"]
[Result "1/2-1/2"]
[WhiteElo "1700"]
[BlackElo "1465"]
[EventDate "2012.10.12"]
[PlyCount "43"]

1.e4 c5 2.Nc3 d6 3.g3 Nc6 4.Bg2 g6 5.d3 Bg7 6.f4 e6 7.Nf3 Nge7 8.O-O O-O 
9.Be3 Nd4 10.Bf2 Rb8 11.Nxd4 cxd4 12.Ne2 Nc6 13.c3 dxc3 14.bxc3 Qa5 15.d4 
e5 16.fxe5 dxe5 17.d5 Nd8 18.c4 b6 19.Qb3 Ba6 20.Rac1 Nb7 21.Rc2 Nd6 22.
Rfc1 1/2-1/2